[Event "15. Obert Int. Sant Marti 2013"]
[Site "Barcelona ESP"]
[Date "2013.07.18"]
[Round "6.15"]
[White "Vehi Bach, Victor Manuel"]
[Black "Fernandez Romero, Ernesto"]
[Result "1-0"]
[WhiteElo "2308"]
[BlackElo "2480"]
[PlyCount "81"]
[EventDate "2013.07.13"]
[EventType "swiss"]
[EventRounds "9"]
[EventCountry "ESP"]
[SourceTitle "Ajedrez en Madrid"]
[Source "lmi"]
[SourceDate "2013.07.13"]
[SourceVersion "1"]
[SourceVersionDate "2019.06.21"]
[SourceQuality "1"]

1. e4 c6 2. d4 d5 3. e5 Bf5 4. Nd2 e6 5. Nb3 Nd7 6. Nf3 Bg6 7. Be2 Ne7 8. O-O
Nf5 9. a4 Be7 10. g4 Nh6 11. h3 Ng8 12. Ne1 c5 13. c3 c4 14. Nd2 h5 15. Ng2
hxg4 16. hxg4 Nh6 17. b3 cxb3 18. Qxb3 Rc8 19. f4 Qb6 20. Qxb6 Nxb6 21. a5 Nd7
22. Bb2 f6 23. exf6 gxf6 24. Ne3 f5 25. g5 Nf7 26. c4 Rh3 27. Rf3 Rxf3 28. Nxf3
dxc4 29. Bxc4 Nf8 30. Kg2 Bh5 31. Rh1 Bxf3+ 32. Kxf3 Nd6 33. Ba2 b6 34. Rg1 Kf7
35. d5 Ne4 36. dxe6+ Kg6 37. Rh1 Bxg5 38. Rg1 Re8 39. fxg5 Nxg5+ 40. Kf4 Nfh7
41. Bb1 1-0

[Event "15. Obert Int. Sant Marti 2013"]
[Site "Barcelona ESP"]
[Date "2013.07.18"]
[Round "6.16"]
[White "Sorm, Daniel"]
[Black "Enchev, Ivajlo"]
[Result "1-0"]
[WhiteElo "2304"]
[BlackElo "2448"]
[PlyCount "55"]
[EventDate "2013.07.13"]
[EventType "swiss"]
[EventRounds "9"]
[EventCountry "ESP"]
[SourceTitle "Ajedrez en Madrid"]
[Source "lmi"]
[SourceDate "2013.07.13"]
[SourceVersion "1"]
[SourceVersionDate "2019.06.21"]
[SourceQuality "1"]

1. d4 Nf6 2. c4 e6 3. Nc3 Bb4 4. e3 c5 5. Bd3 cxd4 6. exd4 d5 7. cxd5 Nxd5 8.
Nge2 O-O 9. O-O Nc6 10. Bc2 Nxc3 11. bxc3 Be7 12. Ng3 b6 13. Re1 Bb7 14. Qh5 g6
15. Qh6 Re8 16. Ne4 Bf8 17. Qh3 Bg7 18. Bb3 Nxd4 19. cxd4 Qxd4 20. Ng5 h6 21.
Nxf7 Qxa1 22. Nxh6+ Bxh6 23. Bxe6+ Rxe6 24. Qxe6+ Kh7 25. Bxh6 Qd4 26. Bg5 Bd5
27. Qd7+ Kg8 28. Bf6 1-0

[Event "15. Obert Int. Sant Marti 2013"]
[Site "Barcelona ESP"]
[Date "2013.07.18"]
[Round "6.17"]
[White "Ramirez Garcia, Jorge Alberto"]
[Black "Panelo, Marcelo"]
[Result "1-0"]
[WhiteElo "2303"]
[BlackElo "2428"]
[PlyCount "97"]
[EventDate "2013.07.13"]
[EventType "swiss"]
[EventRounds "9"]
[EventCountry "ESP"]
[SourceTitle "Ajedrez en Madrid"]
[Source "lmi"]
[SourceDate "2013.07.13"]
[SourceVersion "1"]
[SourceVersionDate "2019.06.21"]
[SourceQuality "1"]

1. e4 c5 2. c3 d6 3. d4 Nf6 4. Bd3 g6 5. h3 Bg7 6. Nf3 O-O 7. O-O Qc7 8. Re1 a6
9. e5 Nd5 10. dxc5 dxe5 11. Bxg6 hxg6 12. Qxd5 Rd8 13. Qc4 b5 14. Qh4 Qxc5 15.
Nbd2 f6 16. Qe4 Qd5 17. Qxg6 Nd7 18. Ne4 Nf8 19. Qg3 Kf7 20. Nh4 Qd3 21. f3 Qc2
22. Be3 Be6 23. Rac1 Qxb2 24. f4 Rd3 25. Nc5 Rxc3 26. Nxe6 Nxe6 27. fxe5 Rxc1
28. Bxc1 Qc2 29. Qf3 Qc5+ 30. Kh1 Rh8 31. Qe4 Qc4 32. Qg6+ Kf8 33. exf6 exf6
34. Nf5 Qc3 35. Rf1 Qd3 36. Kg1 b4 37. Bf4 Qd7 38. Bd6+ Kg8 39. Ne7+ Kf8 40.
Nf5+ Kg8 41. Ne7+ Kf8 42. Rxf6+ Bxf6 43. Qxf6+ Ke8 44. Qxh8+ Nf8 45. Qh5+ Kd8
46. Qd5 Ke8 47. Ng8 Nh7 48. Nh6 Qg7 49. Qa8+ 1-0

[Event "15. Obert Int. Sant Marti 2013"]
[Site "Barcelona ESP"]
[Date "2013.07.18"]
[Round "6.18"]
[White "Forsaa, Espen"]
[Black "Khaetsky, Roman"]
[Result "0-1"]
[WhiteElo "2293"]
[BlackElo "2424"]
[PlyCount "52"]
[EventDate "2013.07.13"]
[EventType "swiss"]
[EventRounds "9"]
[EventCountry "ESP"]
[SourceTitle "Ajedrez en Madrid"]
[Source "lmi"]
[SourceDate "2013.07.13"]
[SourceVersion "1"]
[SourceVersionDate "2019.06.21"]
[SourceQuality "1"]

1. c4 f5 2. d4 Nf6 3. g3 g6 4. Bg2 Bg7 5. Nf3 O-O 6. O-O d6 7. Nc3 Qe8 8. Re1
Qf7 9. e4 fxe4 10. Ng5 Qxc4 11. Ngxe4 c6 12. Ng5 Ng4 13. Nf3 e5 14. dxe5 Nxe5
15. Nxe5 dxe5 16. Nd5 Na6 17. Ne7+ Kh8 18. Nxc8 Raxc8 19. Bf1 Qf7 20. Be3 Nb4
21. Bxa7 c5 22. Re2 e4 23. a3 Nd3 24. Rxe4 Qxf2+ 25. Kh1 Qxb2 26. Bxd3 Qxa1 0-1

[Event "15. Obert Int. Sant Marti 2013"]
[Site "Barcelona ESP"]
[Date "2013.07.18"]
[Round "6.19"]
[White "Gomez Jurado, Luis Alberto"]
[Black "Bellia, Fabrizio"]
[Result "0-1"]
[WhiteElo "2273"]
[BlackElo "2415"]
[PlyCount "90"]
[EventDate "2013.07.13"]
[EventType "swiss"]
[EventRounds "9"]
[EventCountry "ESP"]
[SourceTitle "Ajedrez en Madrid"]
[Source "lmi"]
[SourceDate "2013.07.13"]
[SourceVersion "1"]
[SourceVersionDate "2019.06.21"]
[SourceQuality "1"]

1. c4 e6 2. g3 d5 3. Bg2 Nf6 4. Nf3 dxc4 5. Na3 Bxa3 6. bxa3 Nc6 7. Bb2 O-O 8.
O-O Re8 9. Rc1 e5 10. Rxc4 Be6 11. Rh4 Bxa2 12. Qc2 Qd6 13. Bxe5 Nxe5 14. Qxa2
Rad8 15. Ra4 Nc6 16. Ng5 Re7 17. d3 Qc5 18. Ne4 Nxe4 19. Bxe4 b5 20. Ra6 Nb8
21. Ra5 Qb6 22. Qd2 Rxe4 23. Qg5 f6 24. Qxb5 Qxb5 25. Rxb5 Rxe2 26. Rc1 c6 27.
Rb7 a6 28. Rcb1 Nd7 29. Ra7 Rd2 30. Rxa6 Rxd3 31. Rxc6 Ne5 32. Ra6 Rd1+ 33.
Rxd1 Rxd1+ 34. Kg2 Rd2 35. a4 Ng4 36. h3 Nxf2 37. a5 Ra2 38. Ra7 Nd3+ 39. Kf3
Ne5+ 40. Ke4 Nc6 41. Ra8+ Kf7 42. a6 Nb4 43. a7 Nc6 44. Rc8 Nxa7 45. Ra8 Ra5
0-1

[Event "15. Obert Int. Sant Marti 2013"]
[Site "Barcelona ESP"]
[Date "2013.07.18"]
[Round "6.20"]
[White "Garcia Blanco, Omar"]
[Black "Valsecchi, Alessio"]
[Result "1-0"]
[WhiteElo "2253"]
[BlackElo "2412"]
[PlyCount "65"]
[EventDate "2013.07.13"]
[EventType "swiss"]
[EventRounds "9"]
[EventCountry "ESP"]
[SourceTitle "Ajedrez en Madrid"]
[Source "lmi"]
[SourceDate "2013.07.13"]
[SourceVersion "1"]
[SourceVersionDate "2019.06.21"]
[SourceQuality "1"]

1. e4 c6 2. d4 d5 3. exd5 cxd5 4. c4 Nf6 5. Nc3 e6 6. Nf3 Nc6 7. cxd5 Nxd5 8.
Bd3 Be7 9. O-O O-O 10. Re1 Bf6 11. Be4 Nce7 12. Qd3 Ng6 13. g3 Qd6 14. h4 Rd8
15. h5 Nf8 16. Ng5 g6 17. Qf3 Qe7 18. Nxh7 Nxh7 19. hxg6 Nf8 20. Bxd5 Bxd4 21.
gxf7+ Qxf7 22. Qxf7+ Kxf7 23. Bf3 Nh7 24. Nb5 Bb6 25. Bf4 Nf6 26. Nd6+ Ke7 27.
Rad1 Rd7 28. g4 Bc5 29. g5 Ng8 30. Nf5+ Kf7 31. Bh5+ Kf8 32. Rc1 Rd5 33. Rxc5
1-0

[Event "15. Obert Int. Sant Marti 2013"]
[Site "Barcelona ESP"]
[Date "2013.07.18"]
[Round "6.21"]
[White "Laxman, R.R.."]
[Black "Thakur, Akash"]
[Result "1-0"]
[WhiteElo "2401"]
[BlackElo "2234"]
[PlyCount "53"]
[EventDate "2013.07.13"]
[EventType "swiss"]
[EventRounds "9"]
[EventCountry "ESP"]
[SourceTitle "Ajedrez en Madrid"]
[Source "lmi"]
[SourceDate "2013.07.13"]
[SourceVersion "1"]
[SourceVersionDate "2019.06.21"]
[SourceQuality "1"]

1. d4 d5 2. c4 c6 3. Nf3 Nf6 4. e3 g6 5. Nbd2 Bg7 6. b4 O-O 7. Be2 a5 8. b5
dxc4 9. Bxc4 cxb5 10. Bxb5 Bd7 11. Bxd7 Nbxd7 12. Qb3 e5 13. Ba3 Re8 14. Ng5
Qb6 15. Qxf7+ Kh8 16. Qc4 h6 17. Nf7+ Kh7 18. Rb1 Qc6 19. Qxc6 bxc6 20. Nxe5
Nxe5 21. dxe5 Rxe5 22. O-O Rd8 23. Nf3 Re4 24. Rfc1 Nd5 25. Rb7 Kg8 26. h3 Ra4
27. Rxc6 1-0

[Event "15. Obert Int. Sant Marti 2013"]
[Site "Barcelona ESP"]
[Date "2013.07.18"]
[Round "6.22"]
[White "Arvola, Benjamin"]
[Black "Larsen, Karsten"]
[Result "1-0"]
[WhiteElo "2347"]
[BlackElo "2270"]
[PlyCount "91"]
[EventDate "2013.07.13"]
[EventType "swiss"]
[EventRounds "9"]
[EventCountry "ESP"]
[SourceTitle "Ajedrez en Madrid"]
[Source "lmi"]
[SourceDate "2013.07.13"]
[SourceVersion "1"]
[SourceVersionDate "2019.06.21"]
[SourceQuality "1"]

1. d4 g6 2. e4 Bg7 3. Nc3 c6 4. f4 d5 5. e5 h5 6. Nf3 Nh6 7. Bd3 Bf5 8. Ne2 e6
9. Be3 Bf8 10. Bf2 Be7 11. Ng3 Qa5+ 12. c3 Bxd3 13. Qxd3 Qa6 14. Qd2 Nd7 15.
Nf1 Nf5 16. Ne3 Nxe3 17. Bxe3 c5 18. Kf2 cxd4 19. cxd4 Nb6 20. Rhc1 Kd7 21. Ne1
Rhc8 22. Nd3 Rxc1 23. Nxc1 Rc8 24. a3 Qb5 25. Nd3 Na8 26. Rb1 Qc6 27. Rc1 Qb6
28. Nc5+ Bxc5 29. dxc5 Qb5 30. Qc3 Nc7 31. a4 Qc6 32. Bd4 Na6 33. Qa5 Ke8 34.
b4 Qc7 35. Qb5+ Qc6 36. Qxc6+ bxc6 37. b5 Nc7 38. b6 axb6 39. cxb6 Na6 40. b7
Rc7 41. Rb1 c5 42. b8=Q+ Nxb8 43. Rxb8+ Kd7 44. Bc3 Kc6 45. Ba5 Ra7 46. Rc8+
1-0

[Event "15. Obert Int. Sant Marti 2013"]
[Site "Barcelona ESP"]
[Date "2013.07.18"]
[Round "6.23"]
[White "Eggleston, David J"]
[Black "Dukaczewski, Piotr"]
[Result "1-0"]
[WhiteElo "2363"]
[BlackElo "2226"]
[PlyCount "101"]
[EventDate "2013.07.13"]
[EventType "swiss"]
[EventRounds "9"]
[EventCountry "ESP"]
[SourceTitle "Ajedrez en Madrid"]
[Source "lmi"]
[SourceDate "2013.07.13"]
[SourceVersion "1"]
[SourceVersionDate "2019.06.21"]
[SourceQuality "1"]

1. e4 c5 2. Nf3 Nc6 3. d4 cxd4 4. Nxd4 Nf6 5. Nc3 d6 6. Bg5 e6 7. Qd2 Qb6 8.
O-O-O Qxd4 9. Qxd4 Nxd4 10. Rxd4 a6 11. f3 Bd7 12. Na4 Bc6 13. Nb6 Rd8 14. Nc4
h6 15. Bh4 g5 16. Bg3 e5 17. Rd3 Be7 18. Na5 Rc8 19. Rb3 O-O 20. Nxc6 bxc6 21.
Rb7 Rfe8 22. Bxa6 Ra8 23. Bc4 Kf8 24. Rd1 Red8 25. Bb3 Rd7 26. Rxd7 Nxd7 27.
Bf2 Ke8 28. Kb1 Rb8 29. c3 Nc5 30. Bc2 Ne6 31. b4 Kd7 32. Bb3 Bd8 33. Kc2 Bc7
34. a4 Bb6 35. Bxb6 Rxb6 36. h4 Rb8 37. Bxe6+ Kxe6 38. hxg5 hxg5 39. a5 d5 40.
Rh1 g4 41. Rh6+ f6 42. Rh7 gxf3 43. gxf3 d4 44. a6 dxc3 45. a7 Ra8 46. Kxc3 Rg8
47. Rb7 Ra8 48. Kc4 Kd6 49. b5 cxb5+ 50. Kxb5 Ke6 51. Kb6 1-0

[Event "15. Obert Int. Sant Marti 2013"]
[Site "Barcelona ESP"]
[Date "2013.07.18"]
[Round "6.24"]
[White "Guerrero Sierra, Juan Carlos"]
[Black "Galopoulos, Nikolaos"]
[Result "1-0"]
[WhiteElo "2227"]
[BlackElo "2343"]
[PlyCount "35"]
[EventDate "2013.07.13"]
[EventType "swiss"]
[EventRounds "9"]
[EventCountry "ESP"]
[SourceTitle "Ajedrez en Madrid"]
[Source "lmi"]
[SourceDate "2013.07.13"]
[SourceVersion "1"]
[SourceVersionDate "2019.06.21"]
[SourceQuality "1"]

1. e4 c6 2. d4 d5 3. e5 Bf5 4. Nf3 e6 5. Be2 Nd7 6. O-O Bg6 7. Nbd2 Nh6 8. c4
Nf5 9. cxd5 cxd5 10. Nb3 Rc8 11. Bd2 Be7 12. Na5 Qb6 13. Qa4 a6 14. Rac1 Rxc1
15. Rxc1 Qxb2 16. Nb3 Bd8 17. Bf1 O-O 18. Qxd7 1-0

[Event "15. Obert Int. Sant Marti 2013"]
[Site "Barcelona ESP"]
[Date "2013.07.18"]
[Round "6.25"]
[White "Christiansen, Johan-Sebastian"]
[Black "Minko, Vladimir"]
[Result "1-0"]
[WhiteElo "2155"]
[BlackElo "2312"]
[PlyCount "65"]
[EventDate "2013.07.13"]
[EventType "swiss"]
[EventRounds "9"]
[EventCountry "ESP"]
[SourceTitle "Ajedrez en Madrid"]
[Source "lmi"]
[SourceDate "2013.07.13"]
[SourceVersion "1"]
[SourceVersionDate "2019.06.21"]
[SourceQuality "1"]

1. c4 e6 2. g3 d5 3. Bg2 Nf6 4. Nf3 Be7 5. O-O dxc4 6. Na3 O-O 7. Nxc4 Nc6 8.
d4 Rb8 9. b3 Nb4 10. a3 Nbd5 11. Qc2 Bd7 12. e4 Nb6 13. Bf4 Rc8 14. Na5 Qe8 15.
Rfe1 c5 16. Nxb7 cxd4 17. Qb1 Rc3 18. Nxd4 Bc6 19. Bd2 Rxb3 20. Qxb3 Bxb7 21.
Bb4 Nfd7 22. Bxe7 Qxe7 23. a4 Qc5 24. Red1 Ba6 25. Nb5 Ne5 26. Rac1 Nbc4 27.
Bf1 Ng4 28. Qc2 Qh5 29. h3 Nge5 30. Bxc4 Qxh3 31. Be2 f5 32. Qc7 Bxb5 33. axb5
1-0

[Event "15. Obert Int. Sant Marti 2013"]
[Site "Barcelona ESP"]
[Date "2013.07.18"]
[Round "6.26"]
[White "Valdes Romero, Leonardo"]
[Black "Montell Zabay, Alberto"]
[Result "1-0"]
[WhiteElo "2444"]
[BlackElo "2026"]
[PlyCount "45"]
[EventDate "2013.07.13"]
[EventType "swiss"]
[EventRounds "9"]
[EventCountry "ESP"]
[SourceTitle "Ajedrez en Madrid"]
[Source "lmi"]
[SourceDate "2013.07.13"]
[SourceVersion "1"]
[SourceVersionDate "2019.06.21"]
[SourceQuality "1"]

1. Nf3 Nf6 2. c4 g6 3. g3 Bg7 4. Bg2 O-O 5. O-O d6 6. Nc3 Nc6 7. d3 e5 8. Rb1
a5 9. a3 Nh5 10. b4 axb4 11. axb4 f5 12. b5 Ne7 13. Qb3 f4 14. Ba3 h6 15. c5+
Kh8 16. cxd6 cxd6 17. Ne4 d5 18. Bxe7 Qxe7 19. Qxd5 Be6 20. Qc5 Qxc5 21. Nxc5
Bd5 22. Nh4 Bxg2 23. Kxg2 1-0

[Event "15. Obert Int. Sant Marti 2013"]
[Site "Barcelona ESP"]
[Date "2013.07.18"]
[Round "6.27"]
[White "Amores Gago, Javier"]
[Black "Getz, Nicolai"]
[Result "0-1"]
[WhiteElo "2167"]
[BlackElo "2353"]
[PlyCount "80"]
[EventDate "2013.07.13"]
[EventType "swiss"]
[EventRounds "9"]
[EventCountry "ESP"]
[SourceTitle "Ajedrez en Madrid"]
[Source "lmi"]
[SourceDate "2013.07.13"]
[SourceVersion "1"]
[SourceVersionDate "2019.06.21"]
[SourceQuality "1"]

1. e4 e5 2. d4 exd4 3. Qxd4 Nc6 4. Qe3 Nf6 5. Nc3 Bb4 6. Bd2 O-O 7. O-O-O Re8
8. Bc4 d6 9. Nh3 Ne5 10. Bb3 Bc5 11. Qe2 Be6 12. Bxe6 Rxe6 13. Nf4 Re8 14. f3
a6 15. g4 b5 16. Kb1 Nfd7 17. h4 c6 18. g5 Nb6 19. Qg2 b4 20. Nce2 Nbc4 21. Bc1
Na3+ 22. bxa3 bxa3 23. Rd3 Nxd3 24. Nxd3 Qb6+ 25. Ka1 Rab8 26. Bd2 Rb7 27. Bc3
Reb8 28. Qf1 d5 29. exd5 cxd5 30. h5 Be3 31. g6 d4 32. Bb4 Qc6 33. gxh7+ Kxh7
34. Qd1 Rxb4 35. Nxb4 Rxb4 36. c3 Rb2 37. Qd3+ Kg8 38. h6 Qxf3 39. h7+ Kh8 40.
Re1 Qf2 0-1

[Event "15. Obert Int. Sant Marti 2013"]
[Site "Barcelona ESP"]
[Date "2013.07.18"]
[Round "6.28"]
[White "Hernando Rodrigo, Julio Antonio"]
[Black "Cherednichenko, Elena"]
[Result "1-0"]
[WhiteElo "2327"]
[BlackElo "2167"]
[PlyCount "92"]
[EventDate "2013.07.13"]
[EventType "swiss"]
[EventRounds "9"]
[EventCountry "ESP"]
[SourceTitle "Ajedrez en Madrid"]
[Source "lmi"]
[SourceDate "2013.07.13"]
[SourceVersion "1"]
[SourceVersionDate "2019.06.21"]
[SourceQuality "1"]

1. d4 d5 2. c4 e6 3. Nc3 Be7 4. Bf4 Nf6 5. e3 O-O 6. Bd3 c5 7. Nf3 cxd4 8. exd4
dxc4 9. Bxc4 a6 10. Ne5 Qb6 11. Bb3 Rd8 12. Nc4 Qc6 13. O-O b5 14. Na5 Qd7 15.
Qf3 Nd5 16. Nxd5 exd5 17. Rac1 Bd6 18. Bxd6 Qxd6 19. Bxd5 Ra7 20. Rfe1 Re7 21.
Re5 Rc7 22. Rce1 g6 23. Bb3 Qb4 24. Qf6 Rf8 25. Re8 Be6 26. R8xe6 Nd7 27. Qe7
Qxa5 28. R6e3 Nb8 29. Qf6 Nd7 30. Qf4 Rc6 31. Rd1 Rf6 32. Qe4 Qc7 33. Qe7 Qd6
34. g3 Nb6 35. Qb7 a5 36. a3 Kg7 37. Qe4 a4 38. Ba2 b4 39. axb4 Qxb4 40. Re2 a3
41. bxa3 Qxa3 42. Rd3 Qc1+ 43. Kg2 Rd8 44. Rf3 Rdd6 45. Rxf6 Rxf6 46. h3 Qc7
1-0

[Event "15. Obert Int. Sant Marti 2013"]
[Site "Barcelona ESP"]
[Date "2013.07.18"]
[Round "6.29"]
[White "Dalo, Hermes"]
[Black "Alvarado Diaz, Alejandro"]
[Result "1/2-1/2"]
[WhiteElo "2148"]
[BlackElo "2313"]
[PlyCount "51"]
[EventDate "2013.07.13"]
[EventType "swiss"]
[EventRounds "9"]
[EventCountry "ESP"]
[SourceTitle "Ajedrez en Madrid"]
[Source "lmi"]
[SourceDate "2013.07.13"]
[SourceVersion "1"]
[SourceVersionDate "2019.06.21"]
[SourceQuality "1"]

1. d4 Nf6 2. c4 c5 3. d5 b5 4. cxb5 a6 5. b6 d6 6. a4 Qxb6 7. Nc3 Nbd7 8. Nf3
g6 9. Nd2 Bg7 10. g3 O-O 11. Bg2 Ne8 12. O-O Nc7 13. a5 Qa7 14. Nc4 Rb8 15. Na4
Nf6 16. Nab6 Bd7 17. Re1 Bb5 18. e4 Bxc4 19. Nxc4 Nd7 20. f4 Rb4 21. Ra4 Nb5
22. e5 Qc7 23. e6 fxe6 24. dxe6 Nf6 25. Rxb4 cxb4 26. Nb6 1/2-1/2

[Event "15. Obert Int. Sant Marti 2013"]
[Site "Barcelona ESP"]
[Date "2013.07.18"]
[Round "6.30"]
[White "Basencyan, Mark"]
[Black "Lovik, Lasse Ostebo"]
[Result "0-1"]
[WhiteElo "2130"]
[BlackElo "2311"]
[PlyCount "48"]
[EventDate "2013.07.13"]
[EventType "swiss"]
[EventRounds "9"]
[EventCountry "ESP"]
[SourceTitle "Ajedrez en Madrid"]
[Source "lmi"]
[SourceDate "2013.07.13"]
[SourceVersion "1"]
[SourceVersionDate "2019.06.21"]
[SourceQuality "1"]

1. d4 Nf6 2. c4 e6 3. Nc3 Bb4 4. Qc2 O-O 5. e4 c5 6. dxc5 Qc7 7. Nf3 Bxc5 8.
Be2 Nc6 9. O-O Ng4 10. g3 d6 11. a3 a5 12. Kg2 f5 13. h3 Nge5 14. Nb5 Qb6 15.
exf5 Rxf5 16. Ng5 h6 17. Ne4 Nd4 18. Nxd4 Bxd4 19. f4 Ng6 20. Bg4 Rf8 21. Qd3
Ne7 22. Nc3 Bd7 23. Nb5 Bc6+ 24. Kh2 Bg1+ 0-1

[Event "15. Obert Int. Sant Marti 2013"]
[Site "Barcelona ESP"]
[Date "2013.07.18"]
[Round "6.31"]
[White "Fernandez Aguilar, Francisco"]
[Black "Uribe Arteaga, Daniel"]
[Result "0-1"]
[WhiteElo "2040"]
[BlackElo "2274"]
[PlyCount "118"]
[EventDate "2013.07.13"]
[EventType "swiss"]
[EventRounds "9"]
[EventCountry "ESP"]
[SourceTitle "Ajedrez en Madrid"]
[Source "lmi"]
[SourceDate "2013.07.13"]
[SourceVersion "1"]
[SourceVersionDate "2019.06.21"]
[SourceQuality "1"]

1. e4 e5 2. Nf3 Nc6 3. Bb5 a6 4. Ba4 Nf6 5. Qe2 Be7 6. O-O b5 7. Bb3 O-O 8. c3
d6 9. Rd1 Na5 10. Bc2 c5 11. d4 cxd4 12. cxd4 Qc7 13. Nc3 Bg4 14. Bg5 Bxf3 15.
gxf3 Nc6 16. Be3 exd4 17. Bxd4 Nxd4 18. Rxd4 Qc5 19. Rdd1 Rac8 20. Bb3 Qg5+ 21.
Kh1 Rc5 22. Rg1 Qh5 23. Qe3 Rfc8 24. Rg3 g6 25. Rag1 b4 26. Nd5 Nxd5 27. Bxd5
Bf6 28. f4 Rxd5 29. Rh3 Bh4 30. exd5 Qxd5+ 31. f3 Bf6 32. Qe4 Qxa2 33. f5 Qc4
34. fxg6 hxg6 35. b3 Qxe4 36. fxe4 a5 37. Rd3 Be5 38. h4 Kg7 39. h5 Rh8 40. Rh3
Kf6 41. Kg2 gxh5 42. Rgh1 Rg8+ 43. Kf3 Rg4 44. Ke3 h4 45. Kf3 Kg5 46. Rc1 Rf4+
47. Ke3 Rf6 48. Rc8 Kg4 49. Rh1 Rf3+ 50. Ke2 Rxb3 51. Rg8+ Kh5 52. Ra8 Ra3 53.
Ra7 Kg6 54. Rxh4 b3 55. Rg4+ Kf6 56. Rg1 Ke6 57. Rf1 f6 58. Rh1 Bd4 59. Rhh7
Bxa7 0-1

[Event "15. Obert Int. Sant Marti 2013"]
[Site "Barcelona ESP"]
[Date "2013.07.18"]
[Round "6.32"]
[White "Capellades Subirana, Marc"]
[Black "Zapata Arbelaez, Estiven"]
[Result "0-1"]
[WhiteElo "2260"]
[BlackElo "2001"]
[PlyCount "96"]
[EventDate "2013.07.13"]
[EventType "swiss"]
[EventRounds "9"]
[EventCountry "ESP"]
[SourceTitle "Ajedrez en Madrid"]
[Source "lmi"]
[SourceDate "2013.07.13"]
[SourceVersion "1"]
[SourceVersionDate "2019.06.21"]
[SourceQuality "1"]

1. e4 e5 2. Nf3 Nc6 3. Bc4 Bc5 4. b4 Bxb4 5. c3 Ba5 6. d4 exd4 7. O-O Nge7 8.
Ng5 Ne5 9. Bxf7+ Nxf7 10. Nxf7 Kxf7 11. Qh5+ g6 12. Qxa5 d5 13. cxd4 dxe4 14.
Bb2 c6 15. Qe1 Qb6 16. Nc3 Qxb2 17. Rb1 Qa3 18. Nxe4 Nd5 19. Ng5+ Kg7 20. Qe5+
Nf6 21. Rxb7+ Bxb7 22. Qc7+ Kh6 23. Ne6 Rhg8 24. h4 Nd5 25. Qe5 Qe7 26. g4 Qxh4
27. g5+ Kh5 28. f3 Rae8 29. Rf2 Rxe6 30. Qxe6 Qxg5+ 31. Kh1 Qc1+ 32. Kh2 Rf8
33. Qh3+ Kg5 34. Rg2+ Kf6 35. Qxh7 Qf4+ 36. Kh1 Ne7 37. Qh3 Bc8 38. Qh7 Bf5 39.
Kg1 Qxd4+ 40. Rf2 Qf4 41. Re2 Nd5 42. Kf2 Qd4+ 43. Kg3 Qg1+ 44. Rg2 Qe1+ 45.
Kh2 Ne3 46. Rb2 Nf1+ 47. Kg2 Qg3+ 48. Kxf1 Bd3+ 0-1

[Event "15. Obert Int. Sant Marti 2013"]
[Site "Barcelona ESP"]
[Date "2013.07.18"]
[Round "6.33"]
[White "Leiro Giralt, Daniel"]
[Black "Pettersen, Joar Gullestad"]
[Result "1-0"]
[WhiteElo "2220"]
[BlackElo "1944"]
[PlyCount "61"]
[EventDate "2013.07.13"]
[EventType "swiss"]
[EventRounds "9"]
[EventCountry "ESP"]
[SourceTitle "Ajedrez en Madrid"]
[Source "lmi"]
[SourceDate "2013.07.13"]
[SourceVersion "1"]
[SourceVersionDate "2019.06.21"]
[SourceQuality "1"]

1. e4 e5 2. Nf3 Nc6 3. Bc4 Bc5 4. O-O Nf6 5. d4 Bxd4 6. Nxd4 exd4 7. e5 d5 8.
exf6 dxc4 9. fxg7 Rg8 10. Qh5 Qf6 11. Bh6 Be6 12. Nd2 O-O-O 13. Ne4 Qf5 14. Qh4
Ne7 15. Nf6 Ng6 16. Nxg8 Rxg8 17. Qxd4 Ne7 18. Qxa7 Bd5 19. Rad1 b6 20. Qa3 Ng6
21. Qh3 Qxh3 22. gxh3 c6 23. f4 Nh4 24. f5 Be4 25. f6 Bxc2 26. Rde1 Nf5 27. Bf4
Kd8 28. Re5 Nd4 29. Re7 Bg6 30. Ra7 Ne2+ 31. Kf2 1-0

[Event "15. Obert Int. Sant Marti 2013"]
[Site "Barcelona ESP"]
[Date "2013.07.18"]
[Round "6.34"]
[White "Blandon, Luis Guillermo"]
[Black "Salazar, Aura Cristina"]
[Result "0-1"]
[WhiteElo "1993"]
[BlackElo "2200"]
[PlyCount "96"]
[EventDate "2013.07.13"]
[EventType "swiss"]
[EventRounds "9"]
[EventCountry "ESP"]
[SourceTitle "Ajedrez en Madrid"]
[Source "lmi"]
[SourceDate "2013.07.13"]
[SourceVersion "1"]
[SourceVersionDate "2019.06.21"]
[SourceQuality "1"]

1. e4 c5 2. Nf3 d6 3. d4 cxd4 4. Nxd4 Nf6 5. Nc3 g6 6. Be3 Bg7 7. f3 a6 8. Qd2
Nbd7 9. Be2 b5 10. Bh6 Bxh6 11. Qxh6 Qb6 12. O-O-O Bb7 13. Nb3 Rc8 14. Kb1 b4
15. Nd5 Nxd5 16. Qg7 Rf8 17. exd5 Nf6 18. Rhe1 Bxd5 19. g4 Rg8 20. Qh6 Bb7 21.
f4 Qf2 22. Nd4 Be4 23. Qh3 Nd5 24. Bxa6 Bxc2+ 25. Nxc2 Qxc2+ 26. Ka1 Rc5 27.
Qf3 Kd7 28. Bb7 e6 29. f5 gxf5 30. gxf5 Rg2 31. fxe6+ fxe6 32. Rb1 Rf2 33. Qg4
Qg6 34. Qh4 Rf4 35. Qh3 Qf5 36. Qb3 Ra5 37. Rbc1 Rf3 38. Qc4 Rc5 39. Bc8+ Kxc8
40. Qa6+ Kd7 41. Qb7+ Nc7 42. Rg1 Ke8 43. Qc8+ Ke7 44. Rg7+ Kf6 45. Qf8+ Ke5
46. Rxc5+ dxc5 47. Qxc5+ Nd5 48. a3 b3 0-1

[Event "15. Obert Int. Sant Marti 2013"]
[Site "Barcelona ESP"]
[Date "2013.07.18"]
[Round "6.35"]
[White "Salomon, Johan"]
[Black "Ridameya Tatche, Jose Miguel"]
[Result "1-0"]
[WhiteElo "2211"]
[BlackElo "1991"]
[PlyCount "75"]
[EventDate "2013.07.13"]
[EventType "swiss"]
[EventRounds "9"]
[EventCountry "ESP"]
[SourceTitle "Ajedrez en Madrid"]
[Source "lmi"]
[SourceDate "2013.07.13"]
[SourceVersion "1"]
[SourceVersionDate "2019.06.21"]
[SourceQuality "1"]

1. Nf3 f5 2. d3 Nf6 3. Bg5 e6 4. e4 Be7 5. e5 Ng4 6. Bxe7 Qxe7 7. h3 Nh6 8. Qd2
b6 9. Be2 Bb7 10. d4 c5 11. Nc3 Nf7 12. d5 exd5 13. Nxd5 Bxd5 14. Qxd5 Nc6 15.
O-O-O Qe6 16. Bc4 Qxd5 17. Bxd5 Nfd8 18. g4 Rf8 19. Nh4 f4 20. Rhe1 Rc8 21. Nf5
Rc7 22. Nxg7+ Ke7 23. Nf5+ Ke8 24. Ng7+ Ke7 25. e6 d6 26. Nf5+ Rxf5 27. gxf5
Ne5 28. Re4 Kf6 29. Rxf4 Kg5 30. Re4 Kxf5 31. f4 Ng6 32. Ree1 Kf6 33. Bc4 Ke7
34. Rf1 Nb7 35. f5 Ne5 36. f6+ Kd8 37. e7+ Kd7 38. Bb5+ 1-0